Score 0/15 Timer 04:00
2 Plays Today
Question Answer % Correct
Airing in 1966, 'It's the Great Pumpkin, Charlie Brown,' was a special for what holiday?Halloween
92.1%
What brown, anthropomorphic gorilla was introduced as Mario's first opponent in 1981?Donkey Kong
81.4%
'What can brown do for you' is an advertising slogan for what delivery company?UPS
80.7%
In the NFL, the Browns are located in which Ohio city?Cleveland
79.7%
Brown v. Board of Education held that what practice was unconstitutional?segregation
70.5%
A 'brownout' refers to a reduction or restriction of what?electricity
63.2%
Brown University is an Ivy League school located in which US state?Rhode Island
62.3%
What 1960s psychedelic pop song starts with, 'All the leaves are brown...' ?California Dreamin'
58.9%
Question Answer % Correct
What comic book publisher created Hobie Brown, whose alter ego is Prowler?Marvel
56.3%
What actor won an Oscar playing Irish author Christy Brown in 'My Left Foot'?Daniel Day-Lewis
45.7%
Monks of what order, founded by a Saint from Assisi, wore brown robes to signify humility?Franciscan order
44.2%
What actress starred as the title character in the comedy 'Murphy Brown'?Candice Bergen
44%
What Dan Brown created protagonist is introduced in the novel Angels & Demons?Robert Langdon
30.6%
Inventor Leonardo da Vinci used what reddish-brown colored ink for writing and drawing?sepia
23.5%
In what language would 'kahve rengi' be used instead of brown?Turkish
8.3%
Remove Ads.
Support Sporcle.
Get the best of Sporcle when you Go Orange. This ad-free experience offers more features, more stats, and more fun while also helping to support Sporcle. Thank you for becoming a member.

You're not logged in!

Compare scores with friends on all Sporcle quizzes.
OR
Log In

Show Comments

Extras

Top Quizzes Today


Score Distribution

Your Account Isn't Verified!

In order to create a playlist on Sporcle, you need to verify the email address you used during registration. Go to your Sporcle Settings to finish the process.

Report this User

Report this user for behavior that violates our Community Guidelines.

Details: